000 00421ntaaa2200181 4500
003 01
005 20251027201311.0
008 0714s1973 ag 01
040 _aAR-BaBN
_bspa
_cAR-BaBN
_eaacr
_dRIC
082 _a221.9200 H11
100 _aHáber, Heriberto
245 _aRut
250 _a1 ed.
260 _aBuenos Aires :
_bCongreso Judíos Mundial,
_c1968
300 _a37 p.
500 _a(Biografía)
942 _cBK
999 _c7408
_d7408